Loading...
| History - World | 0 | 6 | 1 | 0 | 55 | 52 | 89.33 | 1 | 5 | 0.00 | 0.00 |
| Social Science | 0 | 4 | 1 | 1 | 35 | 60 | 84.50 | 1 | 2 | 0.00 | 0.00 |
| History - Other | 0 | 4 | 2 | 1 | 30 | 72 | 96.00 | 0 | 1 | 0.00 | 0.00 |
| History - American | 0 | 4 | 2 | 0 | 30 | 78 | 92.50 | 0 | 1 | 0.00 | 0.00 |
| Religion | 0 | 3 | 0 | 0 | 30 | 13 | 47.33 | 1 | 3 | 0.00 | 0.00 |
| History - European | 0 | 3 | 1 | 0 | 25 | 100 | 105.33 | 0 | 1 | 0.00 | 0.00 |
| Geography | 0 | 2 | 0 | 0 | 20 | 15 | 37.00 | 2 | 2 | 0.00 | 0.00 |
| Fine Arts - Other | 0 | 2 | 1 | 0 | 15 | 110 | 112.50 | 0 | 0 | 0.00 | 0.00 |
| Science - Biology | 0 | 1 | 0 | 0 | 10 | 89 | 89.00 | 0 | 0 | 0.00 | 0.00 |
| Current Events | 0 | 1 | 0 | 0 | 10 | 36 | 36.00 | 0 | 1 | 0.00 | 0.00 |
| Fine Arts - Classical Music | 0 | 1 | 0 | 1 | 10 | 134 | 134.00 | 0 | 0 | 0.00 | 0.00 |
| Literature - World | 0 | 0 | 1 | 0 | -5 | 0.00 | 0 | 0 | 0.00 | 0.00 |